Sefer Sheʼelot u-teshuvot Radal. (Record no. 33359)

MARC details
000 -LEADER
fixed length control field 00856cam a22002771 4500
001 - CONTROL NUMBER
control field he 68001619
003 - CONTROL NUMBER IDENTIFIER
control field DLC
005 - DATE AND TIME OF LATEST TRANSACTION
control field 20260227111459.0
008 - FIXED-LENGTH DATA ELEMENTS--GENERAL INFORMATION
fixed length control field 840307s1967 is 000 0 heb
010 ## - LIBRARY OF CONGRESS CONTROL NUMBER
LC control number he 68001619
035 ## - SYSTEM CONTROL NUMBER
System control number (OCoLC)19157151
040 ## - CATALOGING SOURCE
Original cataloging agency DLC
Transcribing agency MH
Modifying agency CU
-- DLC
042 ## - AUTHENTICATION CODE
Authentication code premarc
050 00 - LIBRARY OF CONGRESS CALL NUMBER
Classification number BM522.6
Item number .U7 1967
100 1# - MAIN ENTRY--PERSONAL NAME
Personal name Luria, David,
Dates associated with a name 1798-1855.
245 10 - TITLE STATEMENT
Title Sefer Sheʼelot u-teshuvot Radal.
260 ## - PUBLICATION, DISTRIBUTION, ETC.
Place of publication, distribution, etc. Tel Aviv :
Name of publisher, distributor, etc. Y. D. Land,
Date of publication, distribution, etc. [1967?]
300 ## - PHYSICAL DESCRIPTION
Extent [10]-25 p., 21 leaves ;
Dimensions 23 cm.
500 ## - GENERAL NOTE
General note Title page includes original imprint: Jerusalem, 1898.
500 ## - GENERAL NOTE
General note "Toldot ha-Radal me-et ha-Rav Shemuʼel Lurya": p. [10]-24.
600 10 - SUBJECT ADDED ENTRY--PERSONAL NAME
Personal name Luria, David,
Dates associated with a name 1798-1855.
650 #0 - SUBJECT ADDED ENTRY--TOPICAL TERM
Topical term or geographic name entry element Responsa
Chronological subdivision 1800-1948.
700 1# - ADDED ENTRY--PERSONAL NAME
Personal name Lurya, Shemuʼel.
740 0# - ADDED ENTRY--UNCONTROLLED RELATED/ANALYTICAL TITLE
Uncontrolled related/analytical title Sheʼelot u-teshuvot Radal.
740 0# - ADDED ENTRY--UNCONTROLLED RELATED/ANALYTICAL TITLE
Uncontrolled related/analytical title Toldot ha-Radal.

No items available.

Powered by Koha